000 00719nam0a22002531 4500
001 v19\rc\1650353
005 20250619002915.0
035 _a(NLR Aleph) 004761743
090 _a4586314
_c4586314
100 _a20061002d1888 |||y0rusy50 ca
101 0 _arus
102 _aRU
105 _ay z |||||
200 1 _aПособие при изучении новой русской литературы
_fСост. Т.Я.
210 _aКиев
_cГуб. тип.
_d1888
215 _a[2], 283 с.
_d11
702 0 _aТ. Я.
_4220
801 0 _aRU
_bNLR
_gpsbo
801 0 _aRU
_bRuMoRGB
_2psbo
801 1 _aRU
_bProSoft-M
_2rusmarc
852 _aNLR
_j18.319.7.53
899 _aRuMoRGB
_jV 212/107
942 _cBOOK
980 _aNB